Responses for Show #4864 - Thursday, November 3, 2005

Maria Wenglinsky game 4.

Contestants

[<< previous game]

Jim Gilcreast, a printing salesman from North Providence, Rhode Island

Kingslea Bueltel, a student and freelance bartender from Denton, Texas

Maria Wenglinsky, a teacher originally from Salt Lake City, Utah (whose 3-day cash winnings total $81,700)

[next game >>]

Jeopardy! Round responses

HERE'S THE PREZ
BASKETBALL
COMPANY SYMBOLS
REALLY TOUGH WHEEL OF FORTUNE PUZZLES
GERMAN RIVERS
A LA "CART"
    $200 21
Hoover

Maria
    $200 6
(Michael) Jordan

Maria
    $200 12
Uncle Ben's

Maria
    $200 26
gnocchi

Kingslea
    $200 7
the North Sea

Maria
    $200 1
the apple cart

Maria
    $400 22
Taft

Kingslea
    $400 14
the Portland Trail Blazers

Triple Stumper
    $400 13
(Sir Thomas) Lipton

Jim
    $400 27
pharynx

Triple Stumper
    $400 8
(Jim: What is the Rhine?)

the Danube

MariaJim
    $400 2
cartilage

Kingslea
    $600 23
Harding

Jim
    $600 15
the Detroit Pistons

Triple Stumper
    $600 18
Land o' Lakes

Maria
    $600 28
Kazakhstan

Triple Stumper
    $600 9
the Black Forest

Maria
    $600 3
carte blanche

Kingslea
    $800 24
(Jim: Who is Adams?)
(Alex: Which one?)

John Adams

Jim
    $800 16
Wilt Chamberlain

Jim
    $2,500 19
(Maria: Twenty [gulp] five hundred dollars... bluh. $2500, please?)
(Alex: Sure. It's tough to say sometimes. I know.)

Bon Ami

Maria
    $800 29
La Femme Nikita Khrushchev

Kingslea
    $800 10
Nuremberg

Maria
    $800 4
a cartel

Maria
    $1000 25
Zachary Taylor

Triple Stumper
    $1000 17
(Jim: Uh, who is Jerry West?)
...
(Alex: Now with Miami, of course.)

Pat Riley

Jim
Triple Stumper
    $1000 20
Dino

Triple Stumper
    $1000 30
Zbigniew Brzezinski

Maria
    $1000 11
Luxembourg

Maria
    $1000 5
Rene Descartes

Jim

Scores at the first commercial break (after clue 16):

Maria Kingslea Jim
$4,400 $1,000 $1,800

Scores at the end of the Jeopardy! Round:

Maria Kingslea Jim
$8,700 $2,400 $2,200

Double Jeopardy! Round responses

BACTERIOLOGY
NAME THAT MOVIE
ALL ABOUT AUTHORS
"GEO"PARDY!
MILITARY MATTERS
BASIC TRAIN-ING
    $400 16
resistance

Jim
    $400 17
Babe

Kingslea
    $400 6
P.G. Wodehouse

Maria
    $400 11
pigeon

Maria
    $400 1
Rome

Triple Stumper
    $400 22
Ohio

Maria
    $800 27
hydrochloric acid

Kingslea
    $800 18
Butch Cassidy and the Sundance Kid

Jim
    $800 7
Hemingway

Jim
    $800 12
Dungeons & Dragons

Maria
    $800 2
the Texas Air National Guard

Maria
    $800 23
Dumbo

Kingslea
    $1200 28
streptomycin

Triple Stumper
    $1200 19
[Alex reads the clue with his best Bela Lugosi.]

Dracula

Jim
    $1200 8
Thomas Hardy

Maria
    $1200 13
a sturgeon

Maria
    $1200 3
arrows

Maria
    $1200 24
New Hampshire

Jim
    $1,400 29
(Kingslea: What is the heart?)
[The end-of-round signal sounds.]

the jaw

Kingslea
    $1600 20
Amadeus

Maria
    $1600 9
(Jim: Who is Dreiser?)

(Stephen) Crane

MariaJim
    $10,000 14
(Alex: You have nearly $20,000 more than your nearest rival. You could make a big wager now.)
(Maria: May I bet $10,000, please?)
(Alex: You can.)
(Maria: Thank you.)
...
(Alex: You're fun, Maria! I like having you on the show!)

a bourgeois

Maria
    $1600 4
close order drill

Maria
    $1600 25
(Alex: It's in our state capital, [*].)

Sacramento

Triple Stumper
    $2000 21
The Fly

Jim
    $2000 10
Edgar Lee Masters

Maria
    $2000 15
[No applause for Maria's run of the category]

Captains Courageous

Maria
    $2000 5
the Special Air Service

Maria
    $2000 26
Indiana

Maria

Scores at the end of the Double Jeopardy! Round:

Maria Kingslea Jim
$37,900 $3,000 $7,000
(lock game)

[wagering suggestions for these scores]

Final Jeopardy! Round responses

CELEBRITIES
(Alex: In other words, which celebrity was killed in 1980?)
...
(Alex: Ironic that Castro thought The Beatles' music was counter-Revolutionary.)
KingsleaWho is ?
$3,000
JimWho is Che Guevara?
$1,000
MariaWho
$7,900
John Lennon

Final scores:

Maria Kingslea Jim
$30,000 $0 $6,000
4-day champion: $111,700 3rd place: $1,000 2nd place: $2,000

Game dynamics:

Coryat scores:

Maria Kingslea Jim
$27,800 $4,400 $7,000
29 R
(including 2 DDs),
0 W
8 R,
1 W
(including 1 DD)
11 R,
3 W

Combined Coryat: $39,200

[game clues] [game scores] [suggest correction]

Game tape date: 2005-08-16
The J! Archive is created by fans, for fans. Scraping, republication, monetization, and malicious use prohibited; this site may use cookies and collect identifying information. See terms. The Jeopardy! game show and all elements thereof, including but not limited to copyright and trademark thereto, are the property of Jeopardy Productions, Inc. and are protected under law. This website is not affiliated with, sponsored by, or operated by Jeopardy Productions, Inc. Join the discussion at JBoard.tv.